Aikido! (Neurotic / Erotic) - Will Wood and the Tapeworms lyrics - Statistics

General Stats
  • This quiz has been taken 16 times
  • The average score is 141 of 211
Answer Stats
Answer % Correct
a
100%
apologize
100%
but
100%
eyes
100%
for
100%
I
100%
i
100%
im
100%
Im
100%
obsessed
100%
playing
100%
with
100%
you
100%
your
100%
be
80%
erotic
80%
he
80%
in
80%
Neurotic
80%
neurotic
80%
of
80%
an
70%
and
70%
can
70%
to
70%
bolder
60%
corsages
60%
girls
60%
my
60%
never
60%
who
60%
wrist
60%
around
50%
bed
50%
bite
50%
cant
50%
chickenscratch
50%
children
50%
dance
50%
filled
50%
head
50%
is
50%
morning
50%
need
50%
out
50%
rolling
50%
smile
50%
stick
50%
that
50%
then
50%
tongue
50%
vases
50%
we
50%
while
50%
all
40%
cause
40%
cave
40%
doctor
40%
dont
40%
drugs
40%
feel
40%
his
40%
illness
40%
instead
40%
into
40%
likeness
40%
lo-jack
40%
makes
40%
me
40%
mirages
40%
nonsense
40%
oh
40%
prescribe
40%
prozac
40%
quiet
40%
said
40%
schedules
40%
shoulder
40%
so
40%
stand
40%
think
40%
this
40%
told
40%
touch
40%
will
40%
am
30%
cry
30%
heal
30%
insides
30%
lexapro
30%
over
30%
prilosec
30%
rose
30%
salt
30%
second-guesses
30%
silence
30%
triple-sec
30%
breath
20%
brink
20%
cordial
20%
heart
20%
holding
20%
rainbow
20%
rembrandts
20%
thy
20%
tillis
20%
try
20%
walking
20%
at
10%
by
10%
finest
10%
graveyards
10%
why
10%
1
0%
2
0%
3
0%
4
0%
chnace
0%
No matching quizzes found
Score Distribution
Percent of People with Each Score
Percentile by Number Answered
Your Score History
You have not taken this quiz